| 000 | 00643nam a2200205 i 4500 | ||
|---|---|---|---|
| 001 | 45426 | ||
| 003 | ES-MaACL | ||
| 005 | 20250722063142.0 | ||
| 007 | t| | ||
| 008 | 030326s1953 sp ||||1| spa d | ||
| 100 | 1 |
_aColl, Xavier, _d1901-1981 _939622 |
|
| 245 | 1 | 0 |
_aArqueología y Folklore "Festos Majors i Aplecs" _b: excursiones por los alrededores de Barcelona / _cpor Xavier Coll. |
| 250 | _a[1ª ed.]. | ||
| 260 |
_aGranollers : _bAlpina, _c1953 ( _fMarina) |
||
| 300 |
_a83 p. : _bil. ; _c16 cm. |
||
| 490 | 1 | _aPopular | |
| 830 | 0 |
_aPopular _9181401 |
|
| 852 |
_aES-MaACL _j1939-F-7 _bR.35602 |
||
| 999 |
_c45426 _d45426 |
||